Deux traductions de Brutus de Voltaire à la naissance du théâtre hongrois

Elmentve itt :
Bibliográfiai részletek
Szerző: Penke Olga
Dokumentumtípus: Cikk
Megjelent: 2019
Sorozat:Acta Universitatis Szegediensis de Attila József Nominatae : acta romanica 31
Kulcsszavak:Színházművészet - francia - 18. sz., Romanisztika, Francia irodalom története - 18. sz.
Online Access:http://acta.bibl.u-szeged.hu/64627
LEADER 00746nab a2200181 i 4500
001 acta64627
005 20260224081030.0
008 200403s2019 hu o 000 fre d
022 |a 0567-8099 
040 |a SZTE Egyetemi Kiadványok Repozitórium  |b hun 
041 |a fre 
100 1 |a Penke Olga 
245 1 0 |a Deux traductions de Brutus de Voltaire à la naissance du théâtre hongrois  |h [elektronikus dokumentum] /  |c  Penke Olga 
260 |c 2019 
300 |a 113-122 
490 0 |a Acta Universitatis Szegediensis de Attila József Nominatae : acta romanica  |v 31 
695 |a Színházművészet - francia - 18. sz., Romanisztika, Francia irodalom története - 18. sz. 
856 4 0 |u http://acta.bibl.u-szeged.hu/64627/1/romanica_113-122.pdf  |z Dokumentum-elérés